[Event "Titled Tuesday intern op 04th May"]
[Site "Chess.com INT"]
[Date "2021.05.04"]
[Round "2"]
[White "Chernomordik, Pavel"]
[Black "Chen, Alex"]
[Result "1-0"]
[WhiteElo "2177"]
[BlackElo "2045"]
[PlyCount "67"]
[EventDate "2021.05.04"]
[EventType "swiss (blitz)"]
[EventRounds "11"]
[EventCountry "USA"]
[SourceTitle "CBM 202 Extra"]
[Source "ChessBase"]
[SourceDate "2021.07.31"]
[SourceVersion "1"]
[SourceVersionDate "2021.07.31"]
[SourceQuality "1"]

1. e4 c5 2. Nc3 Nc6 3. Bb5 Nd4 4. Bc4 g6 5. Nge2 Bg7 6. Nxd4 cxd4 7. Qf3 Nh6 8. Ne2 0-0 9. h3 e6 10. g4 f5 11. exf5 d5 12. Bb3 gxf5 13. g5 Qxg5 14. d3 Qf6 15. Rg1 Kh8 16. Bg5 Qf7 17. Nf4 Ng8 18. 0-0-0 Nf6 19. Rde1 Bd7 20. Bh4 a5 21. a3 a4 22. Ba2 Rae8 23. Qg3 Rg8 24. Qg2 Bh6 25. Qf3 e5 26. Rxg8+ Nxg8 27. Bxd5 Bxf4+ 28. Kb1 Qf8 29. Bxg8 Kxg8 30. Rg1+ Kh8 31. Qxb7 Rd8 32. Bxd8 Qxd8 33. Qd5 Qe7 34. Qg8# 1-0

[Event "Titled Tuesday intern op 06th Apr"]
[Site "Chess.com INT"]
[Date "2021.04.06"]
[Round "8"]
[White "Chen, Alex"]
[Black "Popadic, Dragan"]
[Result "1/2-1/2"]
[WhiteElo "2045"]
[BlackElo "2157"]
[PlyCount "59"]
[EventDate "2021.04.06"]
[EventType "swiss (blitz)"]
[EventRounds "11"]
[EventCountry "USA"]
[SourceTitle "CBM 201 Extra"]
[Source "ChessBase"]
[SourceDate "2021.05.31"]
[SourceVersion "1"]
[SourceVersionDate "2021.05.31"]
[SourceQuality "1"]

1. d4 Nf6 2. Nf3 g6 3. c4 Bg7 4. Nc3 d6 5. e4 0-0 6. h3 e5 7. Be2 Na6 8. d5 Nc5 9. Nd2 a5 10. b3 c6 11. 0-0 cxd5 12. cxd5 Bd7 13. Nc4 Ncxe4 14. Nxe4 Nxe4 15. Bf3 Nc3 16. Qc2 e4 17. Bb2 exf3 18. Bxc3 Bxc3 19. Qxc3 fxg2 20. Kxg2 Rc8 21. Qg3 Bb5 22. Rfc1 Bxc4 23. bxc4 Qd7 24. Rab1 Rc7 25. Rb5 a4 26. Rb6 Rd8 27. Qf4 Qe7 28. Rc3 Qd7 29. Re3 h5 30. Qf6 1/2-1/2

[Event "Titled Tuesday intern op 19th Jan"]
[Site "Chess.com INT"]
[Date "2021.01.19"]
[Round "8"]
[White "Chen, Alex"]
[Black "Necula, Iulian"]
[Result "1-0"]
[WhiteElo "2045"]
[BlackElo "1890"]
[PlyCount "89"]
[EventDate "2021.01.19"]
[EventType "swiss (blitz)"]
[EventRounds "11"]
[EventCountry "USA"]
[SourceTitle "CBM 200 Extra"]
[Source "ChessBase"]
[SourceDate "2021.03.31"]
[SourceVersion "1"]
[SourceVersionDate "2021.03.31"]
[SourceQuality "1"]

1. e4 d6 2. d3 Nf6 3. Nc3 g6 4. g3 c6 5. Bg2 Bg7 6. Nge2 e5 7. 0-0 0-0 8. h3 a5 9. f4 a4 10. f5 Nbd7 11. Bg5 h6 12. Be3 b5 13. Qd2 b4 14. Nd1 c5 15. Bxh6 Nh5 16. Bxg7 Kxg7 17. Ne3 Qg5 18. g4 Nf4 19. Nxf4 exf4 20. Nd5 Ne5 21. Qxf4 Qxf4 22. Nxf4 Rh8 23. c3 gxf5 24. exf5 a3 25. bxa3 bxc3 26. Bxa8 Ba6 27. Be4 d5 28. Nxd5 Rxh3 29. Kg2 Rh4 30. f6+ Kf8 31. g5 Rg4+ 32. Kh3 Bxd3 33. Bxd3 Rxg5 34. Bb5 Rh5+ 35. Kg3 c2 36. a4 c4 37. Rae1 Rg5+ 38. Kf4 Nd3+ 39. Kxg5 Nxe1 40. Rxe1 c1Q+ 41. Rxc1 Kg8 42. Re1 Kh7 43. Rh1+ Kg8 44. Kh6 Kf8 45. Re1 1-0

[Event "Titled Tuesday intern op 21st July"]
[Site "Chess.com INT"]
[Date "2020.07.21"]
[Round "9"]
[White "Chen, Alex"]
[Black "Manninen, Marko"]
[Result "0-1"]
[WhiteElo "2045"]
[BlackElo "2377"]
[PlyCount "146"]
[EventDate "2020.07.21"]
[EventType "swiss (blitz)"]
[EventRounds "10"]
[EventCountry "USA"]
[SourceTitle "CBM 197 Extra"]
[Source "ChessBase"]
[SourceDate "2020.09.30"]
[SourceVersion "1"]
[SourceVersionDate "2020.09.30"]
[SourceQuality "1"]

1. d4 Nf6 2. Bg5 c5 3. e3 cxd4 4. exd4 g6 5. Nc3 Bg7 6. Qd2 d5 7. Nf3 Nc6 8. Bb5 0-0 9. 0-0 Ne4 10. Qf4 Nxg5 11. Qxg5 Nxd4 12. Nxd4 Bxd4 13. Qxd5 Bxc3 14. Qxd8 Rxd8 15. bxc3 Bf5 16. Ba4 Rac8 17. Rfe1 Kf8 18. Re3 Rd2 19. Rae1 Rc7 20. Rc1 h5 21. h3 a6 22. Bb3 b5 23. a4 bxa4 24. Bxa4 Be6 25. Bb3 Bf5 26. Ra1 Ra7 27. Ra2 Rd6 28. c4 Rc6 29. f3 Be6 30. Ra4 Rc5 31. Rd3 a5 32. Rd8+ Kg7 33. Rb8 h4 34. Rb5 Rxb5 35. cxb5 Bxb3 36. cxb3 Kf6 37. Rxh4 Rb7 38. Rf4+ Kg7 39. b4 Rxb5 40. bxa5 Rxa5 41. Kh2 e6 42. Kg3 Rd5 43. Rg4 Kf8 44. Rc4 Ke7 45. h4 Kf6 46. Ra4 Rh5 47. Rf4+ Kg7 48. Kg4 Rd5 49. Re4 Rc5 50. g3 Rf5 51. Ra4 Rd5 52. Ra7 Rc5 53. f4 Rd5 54. Kh3 Rb5 55. Rc7 Rb3 56. Kg4 Rd3 57. h5 gxh5+ 58. Kh4 Rd5 59. Re7 Kg6 60. Ra7 Rd1 61. Kh3 Rh1+ 62. Kg2 Rd1 63. Ra5 Rd3 64. Kh3 f6 65. Kh4 Rd1 66. Kh3 Re1 67. Kg2 Re2+ 68. Kf3 Rd2 69. Ra6 Rd3+ 70. Kg2 Rd2+ 71. Kh3 Kf5 72. Ra5+ e5 73. Kh4 Rh2# 0-1

[Event "PNWCC Online blitz JP 2nd"]
[Site "Chess.com INT"]
[Date "2020.03.21"]
[Round "4"]
[White "Chen, Alex"]
[Black "Dragun, Kamil"]
[Result "0-1"]
[WhiteElo "2045"]
[BlackElo "2574"]
[PlyCount "78"]
[EventDate "2020.03.21"]
[EventType "swiss (blitz)"]
[EventRounds "11"]
[EventCountry "USA"]
[SourceTitle "CBM 195 Extra"]
[Source "ChessBase"]
[SourceDate "2020.05.31"]
[SourceVersion "1"]
[SourceVersionDate "2020.05.31"]
[SourceQuality "1"]

1. e4 c5 2. Nf3 e6 3. c3 d5 4. exd5 Qxd5 5. d4 Nf6 6. Na3 Qd8 7. Nc4 Nc6 8. Nce5 Nxe5 9. Nxe5 a6 10. Qa4+ Nd7 11. Bb5 cxd4 12. Bxd7+ Bxd7 13. Qxd4 Bb5 14. Qxd8+ Rxd8 15. Be3 f6 16. Nf3 e5 17. Rd1 Rxd1+ 18. Kxd1 Be7 19. Kc2 Kf7 20. Rd1 g5 21. Nd2 Rd8 22. c4 Bc6 23. f3 f5 24. Nb3 Rxd1 25. Kxd1 f4 26. Bf2 e4 27. Ke2 e3 28. Be1 Bf6 29. Bc3 Bxc3 30. bxc3 Ke6 31. Nd4+ Ke5 32. g3 Bd7 33. Nb3 Be6 34. c5 Bc4+ 35. Ke1 Bxb3 36. axb3 Kd5 37. b4 Kc4 38. Ke2 Kxc3 39. gxf4 gxf4 0-1

[Event "US Masters op"]
[Site "Greensboro"]
[Date "2019.08.25"]
[Round "8"]
[White "Karthik, Advaith"]
[Black "Chen, Alex"]
[Result "0-1"]
[WhiteElo "1836"]
[BlackElo "2034"]
[PlyCount "97"]
[EventDate "2019.08.21"]
[EventType "swiss"]
[EventRounds "9"]
[EventCountry "USA"]
[SourceTitle "EXT 2020"]
[Source "ChessBase"]
[SourceDate "2019.10.17"]
[SourceVersion "1"]
[SourceVersionDate "2019.10.17"]
[SourceQuality "1"]

1. d4 Nf6 2. c4 e6 3. Nc3 Bb4 4. e3 0-0 5. Bd3 c5 6. Nge2 d5 7. cxd5 cxd4 8. exd4 Nxd5 9. 0-0 Nc6 10. Bc2 b6 11. Qd3 g6 12. Qf3 Bb7 13. Nxd5 Qxd5 14. Qxd5 exd5 15. Rd1 Bd6 16. Bb3 Rfe8 17. Be3 Na5 18. Ba4 Re7 19. Nc3 Kg7 20. Re1 Nc4 21. Re2 Nxe3 22. Rxe3 Rxe3 23. fxe3 Bb4 24. Rc1 Rc8 25. Bb3 Kh6 26. Kf2 Kg5 27. Kg3 Bxc3 28. Rxc3 Rxc3 29. h4+ Kf5 30. bxc3 Ke4 31. Kg4 h6 32. c4 dxc4 33. Bxc4 Bc8+ 34. Kg3 Be6 35. Bb3 Kxe3 36. d5 Bd7 37. d6 f6 38. h5 g5 39. a4 f5 40. Bc4 f4+ 41. Kh2 Bxa4 42. Be6 Kd3 43. d7 Bxd7 44. Bxd7 Kc4 45. Kh3 b5 46. Kg4 b4 47. Kf5 b3 48. Kg6 b2 49. Bf5 0-1

[Event "US Masters op"]
[Site "Greensboro"]
[Date "2019.08.24"]
[Round "7"]
[White "Chen, Alex"]
[Black "Wu, Derek"]
[Result "1/2-1/2"]
[WhiteElo "2034"]
[BlackElo "2032"]
[PlyCount "34"]
[EventDate "2019.08.21"]
[EventType "swiss"]
[EventRounds "9"]
[EventCountry "USA"]
[SourceTitle "EXT 2020"]
[Source "ChessBase"]
[SourceDate "2019.10.17"]
[SourceVersion "1"]
[SourceVersionDate "2019.10.17"]
[SourceQuality "1"]

1. e4 c5 2. c3 d5 3. exd5 Qxd5 4. d4 Nc6 5. Nf3 Bf5 6. Be3 Nf6 7. Nbd2 cxd4 8. Bc4 dxe3 9. Bxd5 exd2+ 10. Qxd2 0-0-0 11. 0-0-0 Rxd5 12. Qe2 h6 13. Rxd5 Nxd5 14. Qb5 e6 15. Nd4 Nc7 16. Qa4 Nxd4 17. Qxd4 Be7 1/2-1/2

[Event "US Masters op"]
[Site "Greensboro"]
[Date "2019.08.23"]
[Round "4"]
[White "Jacobson, Aaron"]
[Black "Chen, Alex"]
[Result "1-0"]
[WhiteElo "2337"]
[BlackElo "2034"]
[PlyCount "83"]
[EventDate "2019.08.21"]
[EventType "swiss"]
[EventRounds "9"]
[EventCountry "USA"]
[SourceTitle "EXT 2020"]
[Source "ChessBase"]
[SourceDate "2019.10.17"]
[SourceVersion "1"]
[SourceVersionDate "2019.10.17"]
[SourceQuality "1"]

1. e4 c5 2. Nf3 d6 3. d4 cxd4 4. Nxd4 Nf6 5. Nc3 g6 6. Be3 Bg7 7. f3 0-0 8. Qd2 Nc6 9. 0-0-0 d5 10. Nxc6 bxc6 11. Bc4 e6 12. Bb3 Qc7 13. h4 Bb7 14. h5 Rad8 15. e5 Nd7 16. hxg6 fxg6 17. Bg5 Rde8 18. f4 Rf7 19. g3 Bf8 20. Kb1 Nb6 21. a3 c5 22. Rhe1 Rd7 23. g4 Bg7 24. Nb5 Qb8 25. Nd6 Rf8 26. f5 c4 27. fxe6 Rxd6 28. exd6 Qxd6 29. e7 Re8 30. Ba2 Bc8 31. Qf4 Qxf4 32. Bxf4 Bxg4 33. Rd2 Kf7 34. Bd6 Be6 35. Rf2+ Bf5 36. b3 cxb3 37. Bxb3 Nc4 38. Bc5 a5 39. Ka2 Bc3 40. Rh1 Rb8 41. Rb1 Rb5 42. Ba4 1-0

[Event "Eastern op 45th"]
[Site "Tysons"]
[Date "2018.12.27"]
[Round "1"]
[White "Chen, Alex"]
[Black "Reddy, Satvik"]
[Result "1-0"]
[WhiteElo "2059"]
[BlackElo "1620"]
[PlyCount "66"]
[EventDate "2018.12.27"]
[EventType "swiss"]
[EventRounds "7"]
[EventCountry "USA"]
[SourceTitle "CBM 188 Extra"]
[Source "ChessBase"]
[SourceDate "2019.02.26"]
[SourceVersion "1"]
[SourceVersionDate "2019.02.26"]
[SourceQuality "1"]

1. e4 d6 2. d4 Nf6 3. Nc3 Nbd7 4. Nf3 e5 5. Bc4 Be7 6. 0-0 c6 7. a4 a5 8. Re1 Qc7 9. Nh4 Nb6 10. Bb3 g6 11. dxe5 dxe5 12. Qf3 Nbd7 13. Bh6 Bf8 14. Bxf8 Kxf8 15. Rad1 Kg7 16. Qg3 Nc5 17. Nf5+ Bxf5 18. exf5 Nxb3 19. cxb3 Rhe8 20. h3 Ra6 21. Ne4 Nd5 22. Qg5 f6 23. Qg4 Rb6 24. Rd3 Qd7 25. Ng3 Qc7 26. h4 Rg8 27. Qc4 Qe7 28. fxg6 hxg6 29. h5 Rb4 30. Qc1 Nf4 31. hxg6 Nxd3 32. Nf5+ Kf8 33. Qh6+ Ke8 1-0

[Event "North Carolina op"]
[Site "Charlotte"]
[Date "2018.11.17"]
[Round "3"]
[White "Yan, Benjamin"]
[Black "Chen, Alex"]
[Result "1/2-1/2"]
[WhiteElo "1936"]
[BlackElo "2064"]
[PlyCount "43"]
[EventDate "2018.11.16"]
[EventType "swiss"]
[EventRounds "5"]
[EventCountry "USA"]
[SourceTitle "CBM 187 Extra"]
[Source "ChessBase"]
[SourceDate "2018.11.04"]
[SourceVersion "1"]
[SourceVersionDate "2018.11.04"]
[SourceQuality "1"]

1. d4 Nf6 2. Nf3 e6 3. Bf4 d5 4. e3 c5 5. c3 Nc6 6. Bd3 Bd6 7. Bg3 0-0 8. Nbd2 b6 9. Ne5 Bb7 10. f4 Rc8 11. Bh4 Be7 12. Qf3 Ne8 13. Bxe7 Nxe7 14. Qh3 g6 15. Ndf3 Ng7 16. Ng5 h5 17. g4 f5 18. gxh5 gxh5 19. Rg1 Rf6 20. Qg3 Ng6 21. Ngf3 c4 22. Bc2 1/2-1/2

[Event "US Masters op"]
[Site "Greensboro"]
[Date "2018.08.20"]
[Round "7"]
[White "Chen, Alex"]
[Black "Luong, Phuong Hanh"]
[Result "1-0"]
[WhiteElo "2002"]
[BlackElo "2150"]
[PlyCount "169"]
[EventDate "2018.08.17"]
[EventType "swiss"]
[EventRounds "9"]
[EventCountry "USA"]
[SourceTitle "CBM 186 Extra"]
[Source "ChessBase"]
[SourceDate "2018.08.24"]
[SourceVersion "1"]
[SourceVersionDate "2018.08.24"]
[SourceQuality "1"]

1. e4 c5 2. c3 Nf6 3. e5 Nd5 4. Nf3 Nc6 5. Bc4 Nb6 6. Bb3 d5 7. exd6 Qxd6 8. 0-0 Bf5 9. d4 cxd4 10. Nxd4 Nxd4 11. cxd4 g6 12. Qf3 Bg7 13. Rd1 0-0 14. Nc3 a5 15. a3 a4 16. Ba2 Qd7 17. h3 h5 18. Bf4 Rac8 19. Rac1 Rfd8 20. Qe2 Bf6 21. Be3 Ra8 22. d5 Nc8 23. Nb5 Nd6 24. Nxd6 exd6 25. Bc4 Qe7 26. Qd2 Qe5 27. Bd4 Qxd4 28. Qxd4 Bxd4 29. Rxd4 Rdc8 30. Rc3 Rc5 31. Be2 Rxc3 32. bxc3 Bd7 33. Rb4 Ra7 34. Rb6 Kf8 35. Rxd6 b5 36. Kf1 Rc7 37. c4 bxc4 38. Ke1 c3 39. Kd1 Rb7 40. Ba6 Rc7 41. Bd3 Ke7 42. Rb6 Rc5 43. Kc2 Rxd5 44. Kxc3 Rg5 45. Be4 Rc5+ 46. Kd2 h4 47. Rb4 g5 48. Bc2 Bc6 49. Be4 Bb5 50. Bd3 Bd7 51. Bc2 Ra5 52. Ke3 Bc6 53. Be4 Re5 54. Kd3 Bb5+ 55. Kd4 Kd6 56. Bc2 Bc6 57. Rb6 Rd5+ 58. Ke3 Re5+ 59. Kd4 f6 60. f3 Rd5+ 61. Ke3 Re5+ 62. Be4 Rc5 63. Kd4 Rc1 64. Rxc6+ Rxc6 65. Bxc6 Kxc6 66. Kc4 Kd6 67. Kb5 Ke5 68. Kxa4 Kf4 69. Kb4 Kg3 70. a4 Kxg2 71. a5 Kxh3 72. a6 Kg2 73. a7 h3 74. a8Q h2 75. f4+ Kg1 76. Qa7+ Kg2 77. Qb7+ Kg1 78. Qb6+ Kg2 79. Qc6+ Kg1 80. Qc5+ Kg2 81. Qd5+ Kg1 82. Qd1+ Kg2 83. Qg4+ Kh1 84. Qg3 gxf4 85. Qf2 1-0

[Event "US Masters op"]
[Site "Greensboro"]
[Date "2018.08.20"]
[Round "6"]
[White "Kong, Dezheng"]
[Black "Chen, Alex"]
[Result "1/2-1/2"]
[WhiteElo "2130"]
[BlackElo "2002"]
[PlyCount "62"]
[EventDate "2018.08.17"]
[EventType "swiss"]
[EventRounds "9"]
[EventCountry "USA"]
[SourceTitle "CBM 186 Extra"]
[Source "ChessBase"]
[SourceDate "2018.08.24"]
[SourceVersion "1"]
[SourceVersionDate "2018.08.24"]
[SourceQuality "1"]

1. d4 Nf6 2. c4 e6 3. Nc3 Bb4 4. f3 c5 5. d5 0-0 6. e4 d6 7. Nge2 b5 8. Ng3 bxc4 9. Bxc4 Qa5 10. Bd2 Ba6 11. a3 Bxc4 12. axb4 Qxb4 13. Ra4 Qb3 14. Qxb3 Bxb3 15. Ra3 Bc4 16. b3 Bd3 17. Bf4 exd5 18. exd5 c4 19. Kd2 Nbd7 20. Bxd6 Rfe8 21. Bc7 Rec8 22. d6 Nc5 23. bxc4 Bxc4 24. Nf5 Kf8 25. Ne3 Be6 26. Nb5 Nb3+ 27. Kc3 a6 28. Nd4 Nxd4 29. Kxd4 Ne8 30. Rc1 Nxc7 31. dxc7 Ra7 1/2-1/2